000 00738nam a2200241Ia 4500
003 OSt
005 20220927105022.0
006 a|||||r|||| 00| 0
007 ta
008 220926b |||||||| |||| 00| 0 eng d
024 _a187175
037 _cReference Collections
040 _aRTL
_cRTL
_beng
041 _2eng
_aeng
082 _a"X9(M&):8F.2.N52, J2/GD"
110 _aGWALIOR RAYON SILK MFG(WVG) CO.LTD.
_9369480
245 0 _a"Report and accounts,1952"
260 _aGwalior
_bGwalior rayon silk (mfg) co.
_c1952
300 _a16p.
_ccm.
700 _aGWALIOR RAYON SILK MFG(WVG) CO.LTD.
_9369481
942 _h"X9(M&):8F.2.N52, J2/GD"
_cCC
999 _c690250
_d690250